[Event "ICS Rated blitz match"]
[Site "207.99.83.229"]
[Date "1999.07.11"]
[Round "?"]
[White "matar"]
[Black "Hossa"]
[Result "0-1"]
[WhiteElo "2299"]
[BlackElo "2443"]
[PlyCount "81"]

1. e4 e5 2. Nf3 Nc6 3. Bb5 a6 4. Ba4 Nf6 5. Bxc6 dxc6 6. d3 Nd7 7. Nbd2 Be7 8.
Nc4 Bf6 9. Be3 O-O 10. Qe2 Qe7 11. O-O-O c5 12. g4 Qe6 13. g5 Be7 14. Kb1 b5
15. Ncd2 a5 16. Nh4 a4 17. Nf5 a3 18. b3 Bd8 19. h4 f6 20. Rdg1 Qe8 21. h5 fxg5
22. Bxg5 Rxf5 23. exf5 Bb7 24. Ne4 Bxg5 25. Rxg5 h6 26. Rg6 Ra6 27. Rhg1 Rxg6
28. Rxg6 Bxe4 29. Qxe4 Nf8 30. Qd5+ Kh8 31. Qc6 Qf7 32. Qxb5 Qd5 33. c3 Qh1+
34. Kc2 Qxh5 35. d4 Qxf5+ 36. Qd3 Qxd3+ 37. Kxd3 Nxg6 38. dxc5 Nf4+ 39. Ke4 Ne2
40. Kxe5 Nxc3 41. c6 {matar resigns} 0-1

[Event "ICS rated blitz match"]
[Site "207.99.83.229"]
[Date "1999.07.11"]
[Round "?"]
[White "Hossa"]
[Black "Ilias"]
[Result "1-0"]
[WhiteElo "2453"]
[BlackElo "2284"]
[PlyCount "137"]

1. e4 e5 2. Nf3 Nc6 3. Bb5 a6 4. Ba4 Nf6 5. O-O Be7 6. Re1 b5 7. Bb3 O-O 8. h3
Bb7 9. d3 d6 10. a3 Na5 11. Ba2 c5 12. Nc3 h6 13. a4 b4 14. Nd5 b3 15. Nxe7+
Qxe7 16. cxb3 Nc6 17. Nh4 Bc8 18. b4 Nxb4 19. Ng6 Qc7 20. Nxf8 Kxf8 21. Bb1 a5
22. f4 Ba6 23. fxe5 dxe5 24. Qf3 Rd8 25. Bxh6 Qe7 26. Bg5 Bxd3 27. Bxf6 Qxf6
28. Qxf6 gxf6 29. Bxd3 Rxd3 30. Rac1 Rd2 31. b3 Kg7 32. Rf1 Rb2 33. Rc3 Nc2 34.
Rxc5 Ne3 35. Rf3 Rxg2+ 36. Kh1 Re2 37. Rg3+ Kf8 38. Rxa5 f5 39. exf5 Nxf5 40.
Rg5 Re1+ 41. Kg2 Nh4+ 42. Kf2 Rb1 43. Ra8+ Ke7 44. Rxe5+ Kf6 45. Re4 Nf5 46. b4
Rb2+ 47. Kf3 Rb3+ 48. Kf4 Nh4 49. Kg4 Ng6 50. Ra5 Rb1 51. h4 Rg1+ 52. Kh5 Kg7
53. Rg5 Rh1 54. Rgg4 Kh7 55. Rg3 Ra1 56. Rf3 Kg7 57. a5 Ra2 58. Rf5 Ra1 59. Rg4
Ra4 60. Rff4 Ra1 61. Rf3 Ra2 62. Rg5 Ra4 63. Rf4 Ra1 64. Rff5 Ra2 65. Rg3 Ra1
66. Rgf3 Ra4 67. Rxf7+ Kg8 68. Kxg6 Rxb4 69. Rf8# {Ilias checkmated} 1-0

[Event "ICS rated blitz match"]
[Site "207.99.83.229"]
[Date "1999.07.11"]
[Round "?"]
[White "matar"]
[Black "Hossa"]
[Result "1-0"]
[WhiteElo "2283"]
[BlackElo "2462"]
[PlyCount "173"]

1. e4 e5 2. Nf3 Nc6 3. Bb5 a6 4. Ba4 Nf6 5. Bxc6 dxc6 6. d3 Nd7 7. Nbd2 Be7 8.
Nc4 Bf6 9. Be3 O-O 10. Qe2 Qe7 11. O-O-O c5 12. g4 Qe6 13. g5 Be7 14. Kb1 b5
15. Ncd2 a5 16. Nh4 a4 17. Nf5 a3 18. b3 Bd8 19. h4 f6 20. Rdg1 Qe8 21. h5 fxg5
22. Bxg5 Rxf5 23. exf5 Bb7 24. Ne4 Bxg5 25. Rxg5 h6 26. Rg6 Ra6 27. Rxa6 Bxa6
28. Rg1 Kh8 29. Qg4 Qf8 30. f6 Nxf6 31. Nxf6 gxf6 32. Qd7 Bb7 33. Qxc7 Bf3 34.
Rg3 Bxh5 35. c3 Be2 36. Kc2 b4 37. c4 Bh5 38. f4 exf4 39. Qxf4 Be2 40. Re3 Bh5
41. Re6 Kg7 42. Qc7+ Kh8 43. Re7 Qg8 44. Qc6 Qg4 45. Qxf6+ Kg8 46. Qe6+ Qxe6
47. Rxe6 Kf7 48. Rxh6 Bg6 49. Kd2 Kg7 50. Rh3 Kf6 51. Rh8 Ke7 52. Ke3 Kd7 53.
Rh6 Bf5 54. Rf6 Be6 55. Ke4 Ke7 56. Ke5 Bh3 57. Rc6 Bf1 58. Rc7+ Kf8 59. Rxc5
Bxd3 60. Rb5 Bb1 61. Rxb4 Bxa2 62. Kd4 Bb1 63. Kc3 Ke7 64. Ra4 a2 65. Kb2 Bd3
66. Rxa2 Be2 67. Kc3 Bf3 68. Ra6 Bd1 69. b4 Be2 70. b5 Bf3 71. Kd4 Be2 72. Kd5
Kf7 73. Rd6 Kg7 74. b6 Bf3+ 75. Ke5 Bg2 76. c5 Kf8 77. c6 Kg7 78. b7 Bf3 79.
b8=Q Bh5 80. Qc7+ Bf7 81. Rd7 Kg6 82. Rxf7 Kg5 83. Rf5+ Kg6 84. Qd6+ Kg7 85.
Qf6+ Kg8 86. Rg5+ Kh7 87. Qg7# {Hossa checkmated} 1-0

[Event "ICS rated bullet match"]
[Site "207.99.83.229"]
[Date "1999.07.11"]
[Round "?"]
[White "Hossa"]
[Black "lhg"]
[Result "1-0"]
[WhiteElo "2375"]
[BlackElo "2292"]
[PlyCount "35"]

1. e4 e5 2. Nf3 Nc6 3. Bb5 a6 4. Ba4 d6 5. d4 b5 6. d5 bxa4 7. dxc6 Ne7 8. O-O
Nxc6 9. Nc3 Bg4 10. Be3 Be7 11. Nxa4 Kf8 12. Qd5 Bd7 13. Rad1 Rb8 14. Rd2 Nb4
15. Qb3 c5 16. Nxc5 dxc5 17. Nxe5 Rb7 18. Qxf7# {lhg checkmated} 1-0

[Event "ICS rated blitz match"]
[Site "207.99.83.229"]
[Date "1999.07.11"]
[Round "?"]
[White "Hossa"]
[Black "Ilias"]
[Result "1-0"]
[WhiteElo "2438"]
[BlackElo "2336"]
[PlyCount "89"]

1. e4 e5 2. Nf3 Nc6 3. Bb5 a6 4. Ba4 Nf6 5. Bxc6 dxc6 6. d3 Nd7 7. Nbd2 Bd6 8.
Nc4 Qe7 9. O-O O-O 10. Bg5 f6 11. Bh4 Bc5 12. c3 b5 13. Ne3 Bxe3 14. fxe3 c5
15. a4 Bb7 16. axb5 axb5 17. Qb3+ Kh8 18. Rxa8 Bxa8 19. Qxb5 Rb8 20. Qa6 Qd6
21. Qxd6 cxd6 22. Rb1 Bc6 23. b4 c4 24. dxc4 Bxe4 25. Ra1 Bd3 26. Rd1 e4 27.
Bg3 Ne5 28. Bxe5 fxe5 29. Ng5 Kg8 30. c5 dxc5 31. bxc5 Rc8 32. Kf2 h6 33. Nh3
Rxc5 34. Rc1 Kf7 35. g4 Kf6 36. Kg2 Be2 37. Kg3 Bd3 38. Nf2 Rc8 39. h4 Ke6 40.
Kg2 Kd5 41. Nd1 Kc4 42. Kf2 Kb3 43. Ke1 Rb8 44. c4 Bxc4 45. Rb1+ {Ilias resigns
} 1-0

[Event "ICS rated standard match"]
[Site "207.99.83.229"]
[Date "1999.07.11"]
[Round "?"]
[White "grshppr"]
[Black "Hossa"]
[Result "1-0"]
[WhiteElo "1838"]
[BlackElo "2166"]
[PlyCount "150"]

1. e4 c5 2. Nf3 Nc6 3. d4 cxd4 4. Nxd4 e5 5. Nb5 d6 6. c4 Be6 7. N1c3 a6 8. Na3
Nf6 9. Nc2 Rc8 10. Be3 Na5 11. b3 b5 12. Nd5 Bxd5 13. exd5 bxc4 14. Be2 Ne4 15.
b4 Nc3 16. Qd2 Nxe2 17. Qxe2 Nb7 18. O-O Qh4 19. f4 e4 20. Bd4 Qe7 21. Ne3 f6
22. Rac1 Kf7 23. Rxc4 Rxc4 24. Qxc4 a5 25. bxa5 Nxa5 26. Qc8 g6 27. Rc1 Bg7 28.
Qc7 Ra8 29. Bb6 Qxc7 30. Rxc7+ Kg8 31. Rd7 Ra6 32. Bd4 Kf8 33. f5 Bh6 34. Ng4
Bg5 35. Bxf6 gxf5 36. Bxg5 fxg4 37. Rxh7 Nc4 38. Rc7 Ne5 39. Kf1 Kg8 40. Be7
Ra5 41. Bxd6 Rxd5 42. Bxe5 Rxe5 43. a4 Rf5+ 44. Ke2 Rg5 45. Re7 g3 46. h3 Rf5
47. Ke3 Rf2 48. Rxe4 Rxg2 49. Kf3 Rg1 50. Rg4+ Kh7 51. Rxg3 Rf1+ 52. Ke2 Rh1
53. Ra3 Rh2+ 54. Kf1 Rh1+ 55. Kf2 Kg6 56. a5 Rh2+ 57. Ke1 Rh1+ 58. Ke2 Rh2+ 59.
Kf1 Rh1+ 60. Kg2 Re1 61. a6 Re8 62. Kf3 Kf5 63. Ra5+ Ke6 64. a7 Rf8+ 65. Kg4
Ra8 66. h4 Kd6 67. h5 Ke6 68. h6 Kf7 69. Rg5 Ke7 70. h7 Rd8 71. Rg8 Rd4+ 72.
Kf5 Kd7 73. a8=Q Kd6 74. Qb8+ Kd7 75. Rg7+ 75... Kc6 {Hossa resigns} 1-0

[Event "ICS Rated blitz match"]
[Site "207.99.83.229"]
[Date "1999.07.11"]
[Round "?"]
[White "Hossa"]
[Black "LambChop710"]
[Result "1-0"]
[WhiteElo "2460"]
[BlackElo "2408"]
[PlyCount "223"]

1. e4 e5 2. Nf3 Nc6 3. Bb5 Bc5 4. c3 Qe7 5. O-O Bb6 6. d4 exd4 7. cxd4 a6 8.
Ba4 Nf6 9. Nc3 Nb4 10. a3 Nc6 11. Bg5 Qf8 12. d5 Ne7 13. d6 Ng6 14. dxc7 Bxc7
15. Bxf6 gxf6 16. Nd5 Bd8 17. Rc1 b5 18. Bb3 Qg7 19. Qe2 O-O 20. Nd4 d6 21. Nc6
Be6 22. Rfe1 f5 23. Nxd8 Raxd8 24. Rc3 fxe4 25. Qxe4 Rd7 26. Qb4 Bxd5 27. Bxd5
Rfd8 28. Qa5 b4 29. axb4 Qf8 30. Qxa6 Ne7 31. Qc4 Nxd5 32. Qxd5 Kh8 33. Qd4+
Qg7 34. Qxg7+ Kxg7 35. Kf1 d5 36. b5 d4 37. Rg3+ Kf6 38. Rf3+ Kg7 39. Rd3 Rd5
40. Rg3+ Kf8 41. Rb3 Rb8 42. b6 Rd6 43. Rd3 Rbxb6 44. b3 Kg7 45. Re4 Rb4 46. g4
Kg6 47. h4 f5 48. gxf5+ Kxf5 49. f3 Rd5 50. Kf2 h5 51. Kg2 Rd7 52. Kh2 Rd8 53.
Kg3 Rd6 54. Kf2 Rd7 55. Kg1 Rd5 56. Kf1 Rd6 57. Re8 Rb5 58. Kf2 Rbd5 59. Re4
Rd8 60. b4 R8d7 61. Kg3 Rd8 62. Kg2 Rg8+ 63. Kh3 Rgd8 64. b5 R5d6 65. b6 Rxb6
66. Rdxd4 Rxd4 67. Rxd4 Rg6 68. Kh2 Ke5 69. Re4+ Kf5 70. Rc4 Rg8 71. Ra4 Rg6
72. Re4 Rg7 73. Rd4 Ke5 74. Rb4 Kf5 75. Kh3 Rg1 76. Rc4 Ke5 77. Re4+ Kf5 78.
Rb4 Rg7 79. Kh2 Ke5 80. Rb6 Kf4 81. Rf6+ Ke3 82. Rf5 Kf2 83. Rg5 Rf7 84. Rxh5
Kxf3 85. Kh3 Kf4 86. Rg5 Rf6 87. Rg2 Rh6 88. Rf2+ Ke4 89. Kg4 Rg6+ 90. Kh5 Rg8
91. Rf7 Kd4 92. Re7 Kd5 93. Re3 Kd4 94. Re2 Kd5 95. Kh6 Kd4 96. h5 Kd3 97. Re6
Kd4 98. Kh7 Rg5 99. h6 Kd5 100. Re1 Re5 101. Rxe5+ Kxe5 102. Kg6 Kf4 103. Kf6
Ke4 104. h7 Kd4 105. h8=Q Ke4 106. Qd8 Kf3 107. Qd2 Ke4 108. Ke6 Kf3 109. Kf5
Kg3 110. Qe2 Kh3 111. Kf4 Kh4 112. Qh2# {LambChop710 checkmated} 1-0

[Event "ICS rated blitz match"]
[Site "207.99.83.229"]
[Date "1999.07.11"]
[Round "?"]
[White "matar"]
[Black "Hossa"]
[Result "0-1"]
[WhiteElo "2232"]
[BlackElo "2474"]
[PlyCount "43"]

1. e4 c5 2. Nf3 Nc6 3. Bb5 e6 4. Bxc6 bxc6 5. d3 d5 6. Nbd2 Rb8 7. b3 Be7 8.
O-O Nf6 9. Bb2 O-O 10. Re1 a5 11. Be5 Rb7 12. Nf1 Rd7 13. Qe2 Qe8 14. Ng3 Ng4
15. Bb2 Bd6 16. e5 Be7 17. Bc3 Qd8 18. Bd2 f6 19. exf6 Bxf6 20. Qxe6+ Rdf7 21.
Qxc6 Bxa1 22. Rb1 {matar resigns} 0-1

[Event "ICS rated standard match"]
[Site "207.99.83.229"]
[Date "1999.07.11"]
[Round "?"]
[White "Hossa"]
[Black "Mr-Crowley"]
[Result "1-0"]
[WhiteElo "2138"]
[BlackElo "1745"]
[PlyCount "63"]

1. e4 e5 2. Nf3 Nc6 3. Bb5 a6 4. Ba4 Nf6 5. Bxc6 dxc6 6. d3 Bd6 7. O-O O-O 8.
Bg5 Bg4 9. Nbd2 Re8 10. Nc4 Re6 11. Ne3 Bxf3 12. Qxf3 h6 13. Bh4 Qc8 14. Nf5
Kh7 15. Rad1 g5 16. Bg3 h5 17. Qe3 Qg8 18. Bh4 Ng4 19. Qxg5 Qxg5 20. Bxg5 Rg8
21. Bh4 Bc5 22. Kh1 Reg6 23. f4 Ne3 24. Nxe3 Bxe3 25. fxe5 Rxg2 26. Rxf7+ Kh6
27. Bg3 Rxc2 28. Rb1 Rg7 29. Rxg7 Kxg7 30. Rf1 Rxb2 31. e6 Bc5 32. Be5+ {
Mr-Crowley resigns} 1-0

[Event "ICS rated blitz match"]
[Site "207.99.83.229"]
[Date "1999.07.11"]
[Round "?"]
[White "LambChop710"]
[Black "Hossa"]
[Result "1-0"]
[WhiteElo "2408"]
[BlackElo "2480"]
[PlyCount "88"]

1. e4 c5 2. Nc3 e6 3. Nf3 d6 4. Bb5+ Bd7 5. d3 Nf6 6. Bf4 Be7 7. O-O O-O 8. e5
dxe5 9. Nxe5 Bxb5 10. Nxb5 Qb6 11. a4 Nc6 12. Nc4 Qd8 13. Bc7 Qd5 14. Re1 Qg5
15. Nc3 Nd4 16. Ne4 Nxe4 17. Rxe4 Rac8 18. Bf4 Qg6 19. Ne5 Qf5 20. g4 Qf6 21.
c3 Nc6 22. Nd7 Qh4 23. Nxf8 Rxf8 24. Qf3 Rd8 25. g5 f6 26. Be3 Ne5 27. Qg2 Qh5
28. gxf6 Bxf6 29. Bxc5 Nxd3 30. Bxa7 Nxb2 31. Rxe6 Bxc3 32. Qe4 b5 33. axb5
Qxb5 34. Bb6 Rf8 35. Be3 Qh5 36. Ra8 Bb4 37. Ree8 Qd1+ 38. Kg2 Qb3 39. Rxf8+
Bxf8 40. Bc5 Qf7 41. Qe6 h6 42. Rxf8+ Kh7 43. Qxf7 Nd3 44. Qf5+ 44... g6 {
Hossa resigns} 1-0

[Event "ICS rated standard match"]
[Site "207.99.83.229"]
[Date "1999.07.11"]
[Round "?"]
[White "Nimzoish"]
[Black "Hossa"]
[Result "0-1"]
[WhiteElo "1952"]
[BlackElo "2141"]
[PlyCount "92"]

1. d4 e6 2. e3 Nf6 3. Bd3 d5 4. Nd2 Nc6 5. f4 Bd6 6. c3 Ne7 7. Ngf3 O-O 8. Ne5
Nf5 9. Qf3 c5 10. O-O Qb6 11. g4 cxd4 12. exd4 Nh4 13. Qh3 Ng6 14. Kh1 Bb8 15.
g5 Ne8 16. Ndf3 Nd6 17. Nh4 Nxh4 18. Bxh7+ Kxh7 19. Qxh4+ Kg8 20. Rf3 Nf5 21.
Qh5 Qb5 22. c4 dxc4 23. Rh3 Qd5+ 24. Kg1 Qxd4+ 25. Be3 Qxe3+ 26. Rxe3 Nxe3 27.
Re1 Bxe5 28. fxe5 Nf5 29. Rf1 Ne7 30. Rf3 Ng6 31. Rh3 Rd8 32. Qh7+ Kf8 33. Rf3
Rd1+ 34. Kf2 Nxe5 35. Rh3 Nd3+ 36. Ke3 Nxb2 37. Qh8+ Ke7 38. Qxg7 Rd3+ 39. Kf4
Rxh3 40. g6 Nd3+ 41. Ke4 Bd7 42. Qxf7+ Kd6 43. g7 Bc6+ 44. Kd4 e5+ 45. Kxc4
Nb2+ 46. Kb4 46... a5# {Nimzoish checkmated} 0-1

[Event "ICS rated blitz match"]
[Site "207.99.83.229"]
[Date "1999.07.11"]
[Round "?"]
[White "Hossa"]
[Black "SuperChicken"]
[Result "1/2-1/2"]
[WhiteElo "2461"]
[BlackElo "2724"]
[PlyCount "41"]

1. e4 c5 2. Nf3 e6 3. d4 cxd4 4. Nxd4 Nf6 5. Nc3 Nc6 6. Ndb5 d6 7. Bf4 e5 8.
Bg5 a6 9. Na3 b5 10. Bxf6 gxf6 11. Nd5 f5 12. Bd3 Be6 13. Qh5 Rg8 14. O-O f4
15. Qxh7 Rg6 16. Qh5 Bg4 17. Qh8 Rh6 18. Qg8 Rg6 19. Qh8 Rh6 20. Qg8 Rg6 21.
Qh8 {Game drawn by repetition} 1/2-1/2

[Event "ICS rated blitz match"]
[Site "207.99.83.229"]
[Date "1999.07.11"]
[Round "?"]
[White "Hossa"]
[Black "Kengtin"]
[Result "1-0"]
[WhiteElo "2471"]
[BlackElo "2130"]
[PlyCount "51"]

1. e4 c5 2. Nf3 e6 3. d4 a6 4. Be2 Qc7 5. O-O cxd4 6. Nxd4 Nf6 7. Nc3 d6 8. Qd3
Nc6 9. Bg5 Be7 10. Nxc6 bxc6 11. Qg3 e5 12. Rae1 O-O 13. Bh6 Ne8 14. Bh5 Kh8
15. Bg5 Nf6 16. Qh4 Be6 17. Rd1 Rfe8 18. b3 Rad8 19. Rd2 Nxh5 20. Bxe7 Qxe7 21.
Qxh5 f6 22. Rfd1 Rd7 23. Qe2 a5 24. Qa6 d5 25. exd5 cxd5 26. Nxd5 {
Kengtin resigns} 1-0

[Event "ICS Rated standard match"]
[Site "207.99.83.229"]
[Date "1999.07.11"]
[Round "?"]
[White "Hossa"]
[Black "Talmoves"]
[Result "1-0"]
[WhiteElo "2149"]
[BlackElo "2331"]
[PlyCount "173"]

1. e4 d6 2. d4 Nf6 3. Nc3 g6 4. f3 c6 5. Bd3 b5 6. e5 dxe5 7. dxe5 Nd5 8. Nge2
Bg7 9. f4 O-O 10. O-O Qb6+ 11. Kh1 Nxc3 12. Nxc3 b4 13. Na4 Qa5 14. c3 Rd8 15.
cxb4 Qxb4 16. a3 Qa5 17. b4 Qd5 18. Bc2 Bf5 19. Qxd5 cxd5 20. Bxf5 gxf5 21. Be3
Na6 22. Rfd1 Nc7 23. Rac1 Nb5 24. Nc3 d4 25. Nxb5 dxe3 26. Kg1 Rxd1+ 27. Rxd1
a5 28. bxa5 Rxa5 29. Rb1 Ra4 30. Rb4 Rxb4 31. axb4 e6 32. Nc7 Bf8 33. b5 Bc5
34. Kf1 Kf8 35. Ke2 Ke7 36. Na6 Bb6 37. Nb4 f6 38. exf6+ Kxf6 39. Nc6 Kf7 40.
Ne5+ Ke7 41. Nc4 Bc5 42. g3 Kd7 43. Nxe3 Kd6 44. Nc4+ Kd5 45. Ne5 Bd4 46. Nc6
Bb6 47. Nb8 Kd6 48. Na6 Kd5 49. Kd3 Bg1 50. h3 Bh2 51. Nc7+ Kd6 52. Ne8+ Ke7
53. b6 Bxg3 54. Ke3 Bh2 55. b7 Bg1+ 56. Kf3 Ba7 57. Nc7 h5 58. Kg3 Kf6 59. Na6
e5 60. fxe5+ Kxe5 61. b8=Q+ Bxb8 62. Nxb8 Ke4 63. Nd7 f4+ 64. Kf2 Kf5 65. Nc5
Kg5 66. Nd3 Kf5 67. Ke2 Ke4 68. Nf2+ Kf5 69. h4 Ke6 70. Kf3 Kf7 71. Nd3 Kg7 72.
Nxf4 Kh6 73. Ke4 Kh7 74. Kf5 Kh6 75. Ne6 Kh7 76. Kg5 Kh8 77. Kxh5 Kh7 78. Kg5
Kg8 79. Kg6 Kh8 80. h5 Kg8 81. h6 Kh8 82. Nc5 Kg8 83. Nd7 Kh8 84. Ne5 Kg8 85.
h7+ Kf8 86. Kf6 Ke8 87. h8=Q# {Talmoves checkmated} 1-0

[Event "ICS rated standard match"]
[Site "207.99.83.229"]
[Date "1999.07.11"]
[Round "?"]
[White "Talmoves"]
[Black "Hossa"]
[Result "1-0"]
[WhiteElo "2307"]
[BlackElo "2173"]
[PlyCount "64"]

1. c4 c6 2. e4 d5 3. exd5 cxd5 4. d4 Nf6 5. Nc3 Nc6 6. Nf3 Bg4 7. cxd5 Nxd5 8.
Qb3 Bxf3 9. gxf3 Ndb4 10. Be3 Nxd4 11. Bxd4 Qxd4 12. Bb5+ Nc6 13. O-O Qf6 14.
Ne4 Qg6+ 15. Kh1 a6 16. Rg1 Qf5 17. Rg5 Qc8 18. Bxc6+ Qxc6 19. Rc5 Qe6 20. Qxb7
Rd8 21. Rc6 Qd5 22. Nd6+ exd6 23. Re1+ Qe5 24. Rxe5+ dxe5 25. Rc7 Bd6 26. Qc6+
Kf8 27. Rd7 Be7 28. Rxd8+ Bxd8 29. Qd7 g6 30. Qxd8+ Kg7 31. Qd6 Ra8 32. Qxe5+
32... Kg8 {Hossa resigns} 1-0

[Event "ICS rated standard match"]
[Site "207.99.83.229"]
[Date "1999.07.11"]
[Round "?"]
[White "Hossa"]
[Black "Falke"]
[Result "0-1"]
[WhiteElo "2163"]
[BlackElo "2130"]
[PlyCount "83"]

1. c4 Nf6 2. Nc3 e5 3. g3 d5 4. cxd5 Nxd5 5. Qa4+ Nc6 6. Bg2 Be6 7. Nxd5 Bxd5
8. Nf3 Bd6 9. O-O O-O 10. e4 Be6 11. d4 exd4 12. Nxd4 Nxd4 13. Qxd4 Qe7 14. Be3
f6 15. Qa4 Bc5 16. e5 fxe5 17. Bxb7 Rab8 18. Bxc5 Qxc5 19. Rac1 Qd4 20. Qxd4
exd4 21. Rxc7 Rf7 22. Rxf7 Kxf7 23. Be4 Rxb2 24. a3 Re2 25. Bxh7 g6 26. Rd1 Bh3
27. f4 Rg2+ 28. Kh1 Rf2 29. Kg1 Rf3 30. a4 d3 31. f5 Rxf5 32. g4 Rf3 33. Rb1 d2
34. Rb7+ Kf6 35. Rb1 Kg7 36. Bxg6 Kxg6 37. a5 Rf1+ 38. Rxf1 Bxf1 39. Kxf1 d1=Q+
40. Kf2 Kg5 41. Ke3 Kxg4 42. h4 {Hossa resigns} 0-1

[Event "ICS Rated standard match"]
[Site "207.99.83.229"]
[Date "1999.07.11"]
[Round "?"]
[White "SilverOak"]
[Black "Hossa"]
[Result "1-0"]
[WhiteElo "1988"]
[BlackElo "2158"]
[PlyCount "106"]

1. e4 e5 2. f4 d5 3. exd5 e4 4. d3 Qh4+ 5. g3 Qe7 6. dxe4 Qxe4+ 7. Qe2 Bf5 8.
c4 Bb4+ 9. Bd2 Be7 10. Bg2 Qxe2+ 11. Nxe2 Nd7 12. Nbc3 Bd3 13. b3 Bc5 14. Be4
Bxe2 15. Nxe2 O-O-O 16. Bc3 Ndf6 17. Bf5+ Kb8 18. O-O-O Nh6 19. Bxf6 gxf6 20.
Bh3 Rhe8 21. Nd4 Bxd4 22. Rxd4 Re2 23. Rd2 Rde8 24. Rhd1 b6 25. Bd7 R8e7 26.
Rxe2 Rxe2 27. Rd2 Re1+ 28. Kb2 a6 29. Kc3 Re3+ 30. Kd4 Re7 31. Bh3 f5 32. Kd3
Ng4 33. Re2 Rxe2 34. Kxe2 h5 35. b4 b5 36. c5 Kc8 37. Kd2 Kd8 38. Bxg4 fxg4 39.
Kd3 Kd7 40. Ke4 c6 41. dxc6+ Kxc6 42. Ke5 a5 43. bxa5 Kxc5 44. Kf6 Kc6 45. Kxf7
b4 46. f5 Kb5 47. f6 Kxa5 48. Kg6 h4 49. gxh4 Kb6 50. f7 Ka5 51. f8=Q b3 52.
axb3 Kb5 53. Qc8 53... Kb6 {Hossa resigns} 1-0

[Event "ICS rated blitz match"]
[Site "207.99.83.229"]
[Date "1999.07.11"]
[Round "?"]
[White "razzle"]
[Black "Hossa"]
[Result "1-0"]
[WhiteElo "2704"]
[BlackElo "2475"]
[PlyCount "135"]

1. e4 c5 2. Nf3 d6 3. d4 cxd4 4. Nxd4 Nf6 5. Nc3 Nc6 6. Bg5 e6 7. Qd2 Be7 8.
O-O-O O-O 9. f4 a6 10. e5 Nd5 11. Bxe7 Ncxe7 12. Nxd5 exd5 13. Bd3 dxe5 14.
fxe5 Nc6 15. Nf3 Qe7 16. c3 Nxe5 17. Nxe5 Qxe5 18. Rde1 Qf6 19. Rhf1 Qh4 20. g3
Qa4 21. Bb1 Qc4 22. Rf4 Qc6 23. Rh4 f5 24. Bc2 Rb8 25. Bb3 Kh8 26. Bxd5 Qd7 27.
Qd1 h6 28. Re6 Re8 29. Rxe8+ Qxe8 30. Qd2 Kh7 31. a3 Bd7 32. Bb3 Rd8 33. Rd4
Kh8 34. Rd6 Kh7 35. Be6 Bxe6 36. Rxd8 Qc6 37. Qd1 g5 38. h4 gxh4 39. gxh4 Qe4
40. Rd4 Qe3+ 41. Kc2 Kg6 42. Qd3 Qxd3+ 43. Kxd3 Kh5 44. Rb4 Bd5 45. Rf4 Bg2 46.
Ke3 Bc6 47. Kd4 Be4 48. Ke5 Bd3 49. c4 Be4 50. b4 Kg6 51. c5 Kf7 52. a4 Kg6 53.
b5 axb5 54. axb5 Bg2 55. Rxf5 Kh7 56. Rf2 Bh1 57. h5 Kh8 58. Rf8+ Kh7 59. Rf6
Kh8 60. Rxh6+ Kg7 61. Re6 Kg8 62. b6 Kh7 63. c6 bxc6 64. b7 Bf3 65. Kf6 Bd1 66.
b8=Q Ba4 67. Re7+ Kh6 68. Qh8# {Hossa checkmated} 1-0

[Event "ICS rated blitz match"]
[Site "207.99.83.229"]
[Date "1999.07.11"]
[Round "?"]
[White "Hossa"]
[Black "BabaHasan"]
[Result "1-0"]
[WhiteElo "2468"]
[BlackElo "2254"]
[PlyCount "113"]

1. e4 e5 2. Nf3 Nc6 3. Bb5 Nd4 4. Nxd4 exd4 5. O-O Bc5 6. d3 Ne7 7. Bg5 O-O 8.
Nd2 Qe8 9. Nb3 Bb6 10. Qh5 f6 11. Qxe8 Rxe8 12. Bf4 Ng6 13. Bc4+ Kf8 14. Bd2 d6
15. f4 Bd7 16. Rae1 a6 17. e5 a5 18. exf6 gxf6 19. Rxe8+ Bxe8 20. f5 Ne5 21.
Bh6+ Ke7 22. Re1 c6 23. Be6 a4 24. Nd2 Ba5 25. Re4 Bxd2 26. Bxd2 Bf7 27. Bxf7
Kxf7 28. Rh4 Rh8 29. Rxd4 Ke7 30. Rxa4 Kd7 31. Bc3 Kc7 32. Rh4 h6 33. d4 Nf7
34. Re4 Kd7 35. Re6 Re8 36. Rxf6 Ng5 37. h4 Ne4 38. Rxh6 Ng3 39. f6 d5 40. Rg6
Ne2+ 41. Kf2 Nf4 42. Rh6 Ke6 43. g3 c5 44. gxf4 c4 45. h5 b5 46. Kf3 Rb8 47.
Rg6 b4 48. Bd2 c3 49. bxc3 bxc3 50. Bxc3 Rc8 51. Bb4 Rb8 52. f5+ Kf7 53. Be7
Rh8 54. Rg7+ Ke8 55. Bb4 Rxh5 56. f7+ Kd8 57. f8=Q# {BabaHasan checkmated} 1-0

[Event "ICS rated blitz match"]
[Site "207.99.83.229"]
[Date "1999.07.11"]
[Round "?"]
[White "Kengtin"]
[Black "Hossa"]
[Result "1-0"]
[WhiteElo "2126"]
[BlackElo "2482"]
[PlyCount "65"]

1. d4 e6 2. Nf3 d5 3. c3 Nf6 4. Bg5 Be7 5. Nbd2 O-O 6. e3 Nc6 7. Bd3 h6 8. Bh4
Rb8 9. Qe2 Ra8 10. O-O-O Rb8 11. h3 Re8 12. g4 a5 13. Kb1 a4 14. a3 Qd6 15. Bg3
Qd8 16. Ne5 Nxe5 17. Bxe5 Nd7 18. h4 Nxe5 19. dxe5 Bxh4 20. f4 Ra8 21. g5 hxg5
22. Nf3 c5 23. Qh2 Kf8 24. Rdg1 d4 25. exd4 cxd4 26. cxd4 Bd7 27. Be4 f5 28.
exf6 gxf6 29. fxg5 Rb8 30. Qxh4 Bb5 31. gxf6 Rc8 32. Qh6+ Kf7 33. Qg7# {
Hossa checkmated} 1-0

[Event "ICS rated standard match"]
[Site "207.99.83.229"]
[Date "1999.07.11"]
[Round "?"]
[White "Hossa"]
[Black "Checkmater"]
[Result "1-0"]
[WhiteElo "2135"]
[BlackElo "1800"]
[PlyCount "25"]

1. e4 a5 2. Nf3 Ra6 3. Bxa6 Nxa6 4. Nc3 e5 5. Nxe5 Qe7 6. d4 Qb4 7. Qh5 a4 8.
Qxf7+ Kd8 9. Qf3 a3 10. bxa3 Qxa3 11. Nf7+ Ke7 12. Bxa3+ Ke6 13. Ng5# {
Checkmater checkmated} 1-0

[Event "ICS Rated standard match"]
[Site "207.99.83.229"]
[Date "1999.07.12"]
[Round "?"]
[White "Hossa"]
[Black "OHFish"]
[Result "1-0"]
[WhiteElo "2135"]
[BlackElo "1982"]
[PlyCount "59"]

1. e4 e5 2. Nc3 Bc5 3. Nf3 Nc6 4. Bc4 Nf6 5. d3 h6 6. Be3 d6 7. Bxc5 dxc5 8.
Bb5 Bg4 9. Bxc6+ bxc6 10. O-O g5 11. h3 Bxf3 12. Qxf3 h5 13. Rae1 g4 14. Qf5
Qe7 15. f4 Nd7 16. fxe5 O-O-O 17. Qxf7 Qxe5 18. h4 Rdf8 19. Qb3 Qg3 20. Qe6
Qxh4 21. Rxf8+ Rxf8 22. Rf1 Rxf1+ 23. Kxf1 g3 24. Ne2 Kd8 25. Qg8+ Ke7 26. Nxg3
Qf4+ 27. Ke2 Ne5 28. Qg7+ Kd8 29. Nxh5 Ng4 30. Nxf4 {OHFish resigns} 1-0

[Event "ICS rated standard match"]
[Site "207.99.83.229"]
[Date "1999.07.12"]
[Round "?"]
[White "robbok1"]
[Black "Hossa"]
[Result "1-0"]
[WhiteElo "2444"]
[BlackElo "2144"]
[PlyCount "88"]

1. e4 e6 2. d4 d5 3. e5 c5 4. c3 Nc6 5. Nf3 Qb6 6. a3 Bd7 7. b4 cxd4 8. cxd4
Rc8 9. Be3 f6 10. Bd3 a5 11. b5 Na7 12. a4 Bb4+ 13. Nfd2 fxe5 14. dxe5 d4 15.
Bg5 Nh6 16. Bxh6 gxh6 17. O-O Qc5 18. Qh5+ Kd8 19. Nc4 Qe7 20. Qf3 Be8 21. Qf4
Bc5 22. Qxh6 b6 23. Nbd2 Rc7 24. Nb3 Nc8 25. Rfd1 Rg8 26. Be4 Rd7 27. Nxc5 bxc5
28. Qd2 Ra7 29. b6 Nxb6 30. Nxb6 Qh4 31. Qc2 Rc7 32. Nc4 Rg5 33. Rab1 Ke7 34.
Rb8 Bg6 35. Bxg6 hxg6 36. Qd2 Rf5 37. f3 Rh5 38. Qxa5 Qxh2+ 39. Kf2 Qh4+ 40.
Ke2 Rxe5+ 41. Nxe5 Kd6 42. Qb6+ Kxe5 43. Qxc7+ Kd5 44. Rb5 44... Qe7 {
Hossa resigns} 1-0

[Event "ICS Rated standard match"]
[Site "207.99.83.229"]
[Date "1999.07.12"]
[Round "?"]
[White "Hossa"]
[Black "robbok1"]
[Result "0-1"]
[WhiteElo "2139"]
[BlackElo "2449"]
[PlyCount "127"]

1. e4 c5 2. Nf3 Nc6 3. Bb5 g6 4. Bxc6 bxc6 5. d4 Ba6 6. dxc5 Qa5+ 7. Bd2 Qxc5
8. Be3 Qb4+ 9. Nbd2 Bg7 10. Rb1 Nf6 11. c3 Qb8 12. c4 Ng4 13. Bd4 Bxd4 14. Nxd4
Ne5 15. Qb3 c5 16. Nc2 Qd6 17. Qc3 Nd3+ 18. Ke2 Nf4+ 19. Kf3 e5 20. Ne3 f5 21.
Rhe1 O-O 22. h3 Bb7 23. Rbd1 fxe4+ 24. Kg3 Nd3 25. Nxe4 Bxe4 26. Ng4 Qd4 27.
Qxd4 exd4 28. Rxe4 Nxb2 29. Rc1 d3 30. Rb1 d2 31. Ne3 Rae8 32. f3 Rxe4 33. fxe4
Nd3 34. a3 Nf2 35. e5 Ne4+ 36. Kh2 Nc3 37. Rb7 d1=Q 38. Nxd1 Nxd1 39. Rxa7 Ne3
40. Rxd7 Re8 41. a4 Nxc4 42. Rc7 Rxe5 43. g4 Na5 44. Kg3 Nb3 45. h4 Re4 46. a5
Ra4 47. Rc8+ Kf7 48. Rc7+ Kf6 49. Rxh7 Rxa5 50. g5+ Ke5 51. Re7+ Kd5 52. Rd7+
Ke5 53. Re7+ Kd5 54. Rd7+ Ke4 55. Rd6 c4 56. Rxg6 c3 57. Rc6 Rc5 58. Rf6 c2 59.
Rf4+ Ke5 60. Rf1 c1=Q 61. Rxc1 Rxc1 62. Kg4 Rc4+ 63. Kg3 Kf5 64. Kh3 {
Hossa resigns} 0-1